Verema de veremes [Enregistrament de vídeo] / un documental de Iago Otero ; guió i direcció: Iago Otero Iago Otero
Descripción Física:
1 disc òptic (DVD) 30 min : col., so
MARC
| LEADER | 00000ngm a2200000Ia 4500 | ||
|---|---|---|---|
| 001 | 21396 | ||
| 007 | co aa aaaaa | ||
| 008 | 160829s2008 xx 000 0 cat d | ||
| 080 | |a CD-2-21 | ||
| 100 | |a Otero, Iago |9 44459 | ||
| 245 | |a Verema de veremes [Enregistrament de vídeo] / un documental de Iago Otero ; guió i direcció: |b Iago Otero | ||
| 260 | |a Barcelona : |b + que films, Més Que Films, |c 2008 | ||
| 300 | |a 1 disc òptic (DVD) 30 min : |b col., so | ||
| 590 | |a Amb el suport de: Diputació de Barcelona, Parc del Montnegre i el Corredor, Ajuntament de Sant Celoni | ||
| 650 | |a Pagesos |x Catalunya |9 44460 | ||
| 650 | |a Collites |x Catalunya |9 44461 | ||
| 655 | 0 | |9 54986 |a DVD | |
| 710 | |a Parc del Montnegre i el Corredor (Catalunya) |9 10204 | ||
| 710 | 1 | |a Barcelona (Catalunya : Província). |b Diputació |9 52408 | |
| 710 | 1 | |a Sant Celoni (Catalunya). |b Ajuntament |9 55494 | |
| 901 | |a Arxiu | ||
| 942 | |n 1 |2 udc | ||
| 952 | |0 0 |1 0 |4 0 |6 CD221 |7 1 |9 51951 |a Arxiu |b Arxiu |d 2016-12-01 |l 0 |o CD-2-21 |p 21396 |r 2016-12-01 00:00:00 |w 2016-12-01 |y ARXIU | ||
| 999 | |c 55798 |d 55798 | ||